000 00924nam a2200277 i 4500
001 12588
003 ES-MaACL
005 20240426111130.0
007 t|
008 940627s1993 sp |||| | por j
020 _a84-88344-04-X
080 _a869.0 Pessoa, Fernando 7 Mensagem.06
100 1 _aPessoa, Fernando,
_d1888-1935
_991451
245 1 0 _aMensagem
_b; Poemas esotéricos /
_cFernando Pessoa ; ediçâo crítica, José Augusto Seabra, coordenador.
246 3 0 _aPoemas esotéricos
250 _a1ª ed.
260 _a[Madrid] :
_bALLCA XX,
_c1993.
300 _aLIII, 541 p. :
_b1 retr. ;
_c25 cm.
490 1 _aColección Archivos ;
_v28
500 _aBibliografía: p. 473-541.
600 1 4 _aPessoa, Fernando,
_d1888-1935
_991451
700 1 _aSeabra, José Augusto.
_9104978
830 0 _aColección Archivos ;
_v28
_9178295
852 _aES-MaACL
_jL-19842
999 _c12588
_d12588